Vở bài tập tiếng việt 4
محفوظ في:
| التنسيق: | كتاب |
|---|---|
| اللغة: | Undetermined |
| منشور في: |
Hà Nội
Giáo Dục
2006
|
| الموضوعات: | |
| الوسوم: |
إضافة وسم
لا توجد وسوم, كن أول من يضع وسما على هذه التسجيلة!
|
| Thư viện lưu trữ: | Trung tâm Học liệu Trường Đại học Cần Thơ |
|---|
| LEADER | 00563nam a2200193Ia 4500 | ||
|---|---|---|---|
| 001 | CTU_116174 | ||
| 008 | 210402s9999 xx 000 0 und d | ||
| 020 | |c 5800 | ||
| 082 | |a 372.6076 | ||
| 082 | |b V460/T1/L4 | ||
| 245 | 0 | |a Vở bài tập tiếng việt 4 | |
| 245 | 0 | |c Nguyễn Minh Thuyết ... [et al.] | |
| 260 | |a Hà Nội | ||
| 260 | |b Giáo Dục | ||
| 260 | |c 2006 | ||
| 650 | |a Vietnamese language | ||
| 650 | |x study and teaching ( elementary ) | ||
| 904 | |i Tuyến | ||
| 980 | |a Trung tâm Học liệu Trường Đại học Cần Thơ | ||